00478nam a22001097a 4500008004100000020001800041050002200059100004300081245016100124260005800285300002500343170314b xxu||||| |||| 00| 0 eng d a9781240571147 aKF 1527 .F43 2009 aFederal Rules of Bankruptcy Procedure. aFederal Rules of Bankruptcy Procedure:bUnited States Congress House of Representatives Committee on the Judiciary/cFederal Rules of Bankruptcy Procedure. aWashington, U. S:bGovernment Printing Office,c2009. a109p.:bill.;c27cm.